Rome in the East : the transformation of an empire

Αποθηκεύτηκε σε:
Λεπτομέρειες βιβλιογραφικής εγγραφής
Κύριος συγγραφέας: Ball, Warwick
Μορφή: Βιβλίο
Γλώσσα:English
Δημοσίευση: London : Routledge, 2000
Θέματα:
Ετικέτες: Προσθήκη ετικέτας
Δεν υπάρχουν, Καταχωρήστε ετικέτα πρώτοι!

MARC

LEADER 00000nam a2200000 i 4500
001 1/91562
008 080729s2000 eng d
020 |a 0-415-11376-8 
035 |l 10099232 
040 |a GR-MY-UA  |b gre  |e aacr 
041 0 |a eng 
082 0 |a 937  |2 (22) 
100 1 |a Ball, Warwick. 
245 1 0 |a Rome in the East :  |b the transformation of an empire /  |c Warwick Ball 
260 |a London :   |b Routledge,   |c 2000 
300 |a xix, 523 σ.;  |b εικ., χάρτες, σχ.;  |c 26 εκ. 
504 |a Βιβλιογραφία: σ. 494-511 
504 |a Ευρετήριο: σ. 512-523 
651 0 |a Rome  |x Civilization  |x Middle Eastern influences. 
651 0 |a Rome  |x Civilization  |x Christian influences. 
852 |a INST  |b LESVOS  |e 20080729  |h 937 BAL  |p 005100042774  |q 005100042774  |t BK  |y 0 
901 |a BIBL1-2008-2 
909 |a Λ  |b 145192 
922 |a 1ΕΛΗ  |b 200801  |c ΕΠΕΑΕΚ2/ΤΚΑ  |d ΕΛΕΥΘΕΡΟΥΔΑΚΗΣ 
970 |a ΧΑΤΖΗΜΙΧΑΗΛ  |b ΜΑΡΙΑ  |z 2008/07/29